| 000 | 00642pam a2200193 4500 | ||
|---|---|---|---|
| 001 | 1415 | ||
| 003 | OCoLC | ||
| 005 | 20181127163250.0 | ||
| 008 | 930406s1993 nyu b 001 0 eng | ||
| 010 | _a92038022 | ||
| 020 | _a067172410X | ||
| 100 | 1 | _aGallagher, Winifred. | |
| 245 | 1 | 4 |
_aThe power of place : _bhow our surroundings shape our thoughts, emotions, and actions / _cWinifred Gallagher. |
| 260 |
_aNew York : _bPoseidon Press, _cc1993. |
||
| 300 |
_a240 p. ; _c25 cm. |
||
| 504 | _aIncludes bibliographical references (p. [229]-235) and index. | ||
| 650 | 0 | _aEnvironmental psychology. | |
| 650 | 0 |
_aHuman beings _xEffect of environment on. |
|
| 999 |
_c1045 _d1045 |
||